000 00356nam a22001097a 4500
008 230605b xxu||||| |||| 00| 0 eng d
082 _a328.07155
_bCPST
245 _aThe Facilitator's Guide
_bA Manal of the Center of Parliamentary Studies and Training
260 _aKenya
_bCenter of Parliamentary Studies and Training
_c2015
300 _a87 p
942 _2ddc
_cBK
999 _c450
_d450